000 01666nam a22002057a 4500
999 _c60058
_d60058
003 Ge_BSU
005 20230602114453.0
008 230602s2023 ge ||||| |||| 00| 0 geo d
041 _ageo
080 _a57 ჭ-34
100 _aჭელიძე, ნანა
_918425
245 _aD ვიტამინის რეცეპტორის (VDR) გენის rs2228570 პოლიმორფიზმის შესწავლა აუტოიმუნური თირეოდიტის დროს აჭარის პოპულაციის მაგალითზე:
_bდისერტაცია /
_cნანა ჭელიძე; სამეცნიერო ხელმძღვანელი სალომე ღლონტი; ბსუ. საბუნებისმეტყველო მეცნიერებათა და ჯანდაცვის ფაკულტეტი. ბიოლოგიის დეპარტამენტი.
264 _aბათუმი,
_c2003.
300 _a108 გვ.;
_b30 სმ.
504 _aბიბლიოგრ. გვ.88-106
653 _aD ვიტამინის რეცეპტორის (VDR) გენის rs2228570 პოლიმორფიზმის შესწავლა აუტოიმუნური თირეოდიტის დროს აჭარის პოპულაციის მაგალითზე
653 _aდისერტაცია
700 _aღლონტი, სალომე
_eსამეცნიერო ხელმძღვანელი
_918426
942 _2udc
_cDS